Analýza skupin obyvatelstva s omezenou možností spotřeby ČSSR - 1980
Na minha lista:
| Autor principal: | |
|---|---|
| Formato: | Livro |
| Idioma: | tcheco |
| Publicado em: |
Praha
Československý výzkumný ústav práce a sociálních věcí
1983
|
| Colecção: | Výzkumné práce, řada B
č. 98 |
| Tags: |
Sem tags, seja o primeiro a adicionar uma tag!
|
MARC
| LEADER | 00000nam a2200000 4500 | ||
|---|---|---|---|
| 001 | c115714 | ||
| 005 | 20181203150333.5 | ||
| 041 | 0 | |a cze | |
| 044 | |a CZ | ||
| 245 | 1 | 0 | |a Analýza skupin obyvatelstva s omezenou možností spotřeby ČSSR - 1980 |c Miroslav Hiršl |
| 264 | 1 | |a Praha |b Československý výzkumný ústav práce a sociálních věcí |c 1983 | |
| 300 | |a 184 s. | ||
| 490 | 1 | |a Výzkumné práce, řada B |v č. 98 | |
| 830 | 0 | |a Výzkumné práce, řada B |v č. 98 | |
| 100 | 1 | |a Hiršl, Miroslav | |